| 000 | 00676nam a2200265Ia 4500 | ||
|---|---|---|---|
| 003 | 0100 | ||
| 008 | 130303s9999 xx 000 0 und d | ||
| 020 | _a133913015 | ||
| 040 | _cARRUPELIB | ||
| 050 | _aD20.M485 1990B | ||
| 100 | _aMcNeill, William Hardy | ||
| 245 | 2 | _aA history of the human community | |
| 245 | _bprehistory to the present | ||
| 250 | _a3rd | ||
| 260 | _aEnglewood Cliffs | ||
| 260 | _bPrentice-Hall | ||
| 260 | _C1990 | ||
| 300 | _axvi | ||
| 300 | _b 704p. 27cm. | ||
| 650 | _bExperience (Religion) | ||
| 650 | _cPsychology, Religious | ||
| 650 | _dConversion Philosophy an religion | ||
| 700 | _aWilliam Hardy McNeill | ||
| 942 | 0 | 0 | _01 |
| 999 |
_c16209 _d16209 |
||